00467nam a2200193 a 4500001001300000003000900013005001700022008004100039020001000080082001500090100002100105245002600126260003000152300000900182500003500191505001000226650001600236700002100252nice12345678IN_TiNIC20260116011606.0050524s1964 lona grp 000 0 eng  ac10000a231.3bBAR aBarclay, William aPromise of the Spirit aLondonbWyvern Bookc1964 a126p aincludes index and biblioraphy2 aIndex aHoly Spirit1 aBarclay, William